000 00508cam a2200169 4500500
005 20260329001723.0
041 _afre
042 _adc
100 1 0 _aChapuis, Émilie
_eauthor
245 0 0 _aParoles de naufragés
260 _c2008.
500 _a44
690 _aintelligence
690 _aSouffrance
786 0 _nPhilosophie magazine | 25 | 12 | 2008-12-01 | p. 15-16 | 1951-1787
856 4 1 _uhttps://shs.cairn.info/magazine-philosophie-magazine-2008-12-page-15?lang=fr&redirect-ssocas=7080
999 _c1807995
_d1807995